[Event "17th Delhi GM Open 2019"]
[Site "Delhi"]
[Date "2019.01.11"]
[Round "4"]
[White "Amonatov, Farrukh"]
[Black "Aditya Mittal"]
[Result "*"]
[WhiteElo "2621"]
[BlackElo "2251"]
[Annotator "TA"]
[PlyCount "56"]
[EventDate "2019.01.09"]
[EventType "swiss"]
[EventCountry "IND"]
[SourceTitle "playchess.com"]
[Source "ChessBase"]
[SourceQuality "1"]

{[%evp 15,56,-42,-43,-53,-37,-44,-18,-62,-67,-64,-69,-74,-70,-69,-68,-79,27,-157,0,-94,3,-305,-49,-58,8,9,43,33,35,34,43,39,17,52,51,51,93,97,104,89,103,68,64]} 1. e4 c5 2. Nf3 d6 3. d4 cxd4 4. Nxd4 Nf6 5. Nc3 a6 6. f4 e5 7. Nf3 Nbd7 8. Qe2 {B93: Sicilian Najdorf: 6 f4} (8. a4 Be7 9. Bc4 O-O 10. Qe2 exf4 11. Bxf4 Nc5 12. O-O Be6 13. Bxe6 fxe6 14. e5 Nd5 15. Nxd5 exd5 16. exd6 Bxd6 17. Be3 Re8 18. Qd2 Bf8 19. Kh1 Rc8 20. Bxc5 Bxc5 {½-½ (29) Smirin,I (2676)-Wojtaszek,R (2733) Poikovsky 2016}) 8... b5 {[%cal Bb7b5,Bb5b4][%mdl 32] LiveBook: 3 Games} 9. Bd2 Bb7 10. O-O-O {Black is slightly better.} Qc7 11. Kb1 $146 ({Predecessor:} 11. a3 Rc8 12. Be1 Be7 13. Rg1 exf4 14. Nd4 g6 15. g4 Nc5 {1-0 (51) Dechant,G (1904)-Roessel,L (1790) Lingen 2015}) 11... Be7 12. g4 b4 13. Nd5 Nxd5 14. exd5 Bxd5 15. Bg2 Bb7 (15... O-O $17 16. Bxb4 Rab8) 16. Bf1 $2 (16. Bxb4 $11 Rb8 17. fxe5 Bxf3 18. Bxf3 Nxe5 19. Bd2) 16... Bd5 (16... Rc8 $142 17. Rc1 O-O) 17. Bg2 $1 $17 Rb8 (17... O-O $17) 18. Bf1 $2 {[%mdl 8192]} (18. fxe5 $11 Qa5 19. a3 dxe5 20. Nxe5 Nxe5 21. Bxd5 (21. Qxe5 $2 Ba2+ {[%mdl 64] Discovered Attack} 22. Kxa2 Qxe5 $19) 21... Qxd5 22. Bf4) 18... Ra8 $2 (18... Qb7 $19 19. Bg2 {[#]} Bxa2+ $1 {[%mdl 512]} 20. Kc1 (20. Kxa2 $2 b3+ {[%mdl 64] Double Attack} 21. Ka1 bxc2 $19) 20... Qc7 21. fxe5 dxe5) 19. Bg2 {[%cal Bf1g2,Bg2f3,Bf3d5][%mdl 32]} Rb8 ({Black should play} 19... Bc4 $15 20. Qe3 Rc8 21. Bxb4 Be6) 20. fxe5 $11 Bxf3 21. Bxf3 {[#] Strongly threatening exd6.} Nxe5 22. Bd5 a5 23. g5 {[%mdl 1024] White has compensation.} O-O 24. h4 {[%cal Bh2h4,Bh4h5,Bh5h6][%mdl 32]} Kh8 25. h5 f5 26. h6 {Intending hxg7+ and mate.} g6 27. Bf4 Rbe8 28. Rhe1 Bd8 $1 {Accuracy: White = 44%, Black = 34%.} *

[Event "17th Delhi GM Open 2019"]
[Site "Delhi"]
[Date "2019.01.11"]
[Round "4"]
[White "Pantsulaia, Levan"]
[Black "Vantika Agrawal"]
[Result "*"]
[WhiteElo "2597"]
[BlackElo "2149"]
[Annotator "TA"]
[PlyCount "30"]
[EventDate "2019.01.09"]
[EventType "swiss"]
[EventCountry "IND"]
[SourceTitle "playchess.com"]
[Source "ChessBase"]
[SourceQuality "1"]

{[%evp 10,11,39,40]} 1. Nf3 Nf6 2. g3 g6 3. b3 Bg7 4. Bb2 O-O 5. Bg2 d6 6. d4 {LiveBook: 1523 Games} {Predecessor:} c5 $146 7. c4 Ne4 8. Qc2 Qa5+ 9. Nbd2 Bf5 10. Nh4 Nxg3 11. Nxf5 Nxf5 12. Bxb7 Nxd4 13. Bxd4 Bxd4 14. Rd1 Na6 15. Bxa8 Rxa8 {½-½ (75) Artemiev,V (2697)-Mamedyarov,S (2809) Moscow 2018} *

[Event "17th Delhi GM Open 2019"]
[Site "Delhi"]
[Date "2019.01.11"]
[Round "4"]
[White "Pantsulaia, Levan"]
[Black "Vantika Agrawal"]
[Result "1-0"]
[WhiteElo "2597"]
[BlackElo "2149"]
[Annotator "TA"]
[PlyCount "105"]
[EventDate "2019.01.09"]
[EventType "swiss"]
[EventCountry "IND"]
[SourceTitle "playchess.com"]
[Source "ChessBase"]
[SourceQuality "1"]

{[%evp 14,105,31,22,30,-7,-6,-4,0,-24,-25,-26,0,-22,-14,-18,0,-32,21,10,7,5,13,7,66,59,81,67,72,72,116,113,129,141,126,129,254,257,303,306,266,296,387,385,422,277,366,299,324,327,306,165,643,618,747,762,741,734,722,655,749,601,608,581,1084,1078,1107,1015,1427,1135,2976,2943,2726,2420,29986,29987,29987,29988,29987,29971,6502,6620,29986,29987,29987,29988,29988,29989,29988,29989,29992,29993,29993,29994]} 1. Nf3 Nf6 2. g3 g6 3. b3 Bg7 4. Bb2 O-O 5. Bg2 d6 6. d4 a5 7. O-O a4 {A49: 1 d4 Nf6 2 Nf3 g6 3 g3: Anti-King's Indian systems} 8. b4 {LiveBook: 4 Games} (8. c4 c6 9. e3 Bg4 10. h3 Bxf3 11. Bxf3 Nbd7 12. Nc3 a3 13. Bc1 e5 14. dxe5 Nxe5 15. Bg2 {1-0 (42) Giri,A (2782)-Aronian,L (2767) chess.com INT 2018}) 8... d5 9. Na3 c6 $146 {The position is equal.} ({Predecessor:} 9... Nc6 10. b5 Na5 11. Ne5 c6 12. c4 cxb5 13. cxb5 Bf5 14. Rc1 Qd6 15. Qxa4 {1-0 (37) Meier,G (2650)-Tissir,M (2381) Riadh 2017}) 10. c4 Qb6 11. Bc3 Ne4 12. Be1 Rd8 13. Rc1 Be6 14. e3 Nd7 15. Qe2 Qa6 (15... dxc4 $15 16. Nxc4 Qb5) 16. b5 $11 cxb5 17. cxb5 Qd6 18. Qb2 Ndc5 (18... Qb6 $11) 19. Ne5 $1 $36 {[%cal Bf3e5,Be5d3,Bd3f4][%mdl 2080] White fights for an advantage.} ({And not} 19. dxc5 Bxb2 20. cxd6 Bxc1 $17) 19... Qb8 {next ...Bxe5 is good for Black.} 20. Qe2 Nd7 {[#]} 21. Nd3 $1 Nb6 22. Bb4 Re8 23. Nf4 Bd7 {[#]} 24. Bc5 $1 {[%cal Rc5b6]} Nxc5 (24... e5 $16 {is a better defense.}) 25. dxc5 $18 e5 26. Nxd5 (26. cxb6 exf4 27. Bxd5 Be6 $16) 26... Nxd5 27. Bxd5 Bh3 28. Rfd1 Qc7 29. Qf3 h5 {and if ...Bg4 works, Black does fine.} 30. Bxb7 Rab8 31. Bc6 e4 32. Qf4 ({Not} 32. Bxe4 Bg4 $17) (32. Qe2 $142 Bg4 33. Qc4 Bxd1 34. Rxd1) 32... Be5 $2 (32... Re5) 33. Qxe4 Re7 34. b6 Qc8 35. Bd5 Kg7 36. b7 Qf8 37. Nc4 Bb2 38. Qh4 ({Weaker is} 38. Nxb2 Rxe4 39. Bxe4 Qe7 $16) 38... Bg4 39. Nxb2 f6 40. Rd4 Re5 41. Nd3 g5 42. Nxe5 gxh4 43. Nxg4 hxg4 44. Rxg4+ Kh6 45. Rxh4+ Kg6 46. Rxa4 Qd8 47. e4 f5 48. c6 {White mates.} Qc7 49. Ra8 Rxb7 50. cxb7 Qxc1+ 51. Kg2 f4 52. b8=Q f3+ 53. Kxf3 {Accuracy: White = 51%, Black = 32%.} 1-0

[Event "17th Delhi GM Open 2019"]
[Site "Delhi"]
[Date "2019.01.11"]
[Round "4"]
[White "Rozum, Ivan"]
[Black "Visakh N R"]
[Result "*"]
[WhiteElo "2589"]
[BlackElo "2486"]
[Annotator "TA"]
[PlyCount "27"]
[EventDate "2019.01.09"]
[EventType "swiss"]
[EventCountry "IND"]
[SourceTitle "playchess.com"]
[Source "ChessBase"]
[SourceQuality "1"]

{[%evp 16,17,31,33]} 1. c4 e6 2. Nc3 d5 3. d4 Bb4 4. Nf3 Nf6 5. Qb3 c5 6. dxc5 Nc6 {D38: Queen's Gambit Declined: Ragozin Defence (4 Nf3 Bb4)} 7. Bg5 dxc4 8. Qxc4 Qa5 9. Bxf6 {LiveBook: 55 Games} {Predecessor:} gxf6 $146 10. Rc1 Qxc5 11. Qf4 Ke7 12. g3 e5 13. Qh6 Bxc3+ 14. bxc3 {1-0 (42) Wang,H (2680)-Vidit,S (2687) Chengdu 2017} *

[Event "17th Delhi GM Open 2019"]
[Site "Delhi"]
[Date "2019.01.11"]
[Round "4"]
[White "Rozum, Ivan"]
[Black "Visakh N R"]
[Result "1/2-1/2"]
[WhiteElo "2589"]
[BlackElo "2486"]
[Annotator "TA"]
[PlyCount "69"]
[EventDate "2019.01.09"]
[EventType "swiss"]
[EventCountry "IND"]
[SourceTitle "playchess.com"]
[Source "ChessBase"]
[SourceQuality "1"]

{[%evp 20,69,36,27,40,20,14,14,35,32,22,15,8,11,4,0,0,0,0,0,0,0,0,-10,0,0,5,0,0,0,0,0,0,0,3,0,0,0,9,0,0,0,4,4,4,4,4,4,4,4,5,6]} 1. c4 e6 2. Nc3 d5 3. d4 {[%cal Bd2d4,Bd4c5][%mdl 32]} Bb4 4. Nf3 Nf6 5. Qb3 c5 6. dxc5 Nc6 {D38: Queen's Gambit Declined: Ragozin Defence (4 Nf3 Bb4)} (6... Na6 7. a3 Bxc3+ 8. Qxc3 Nxc5 9. cxd5 Qxd5 10. Be3 Nce4 11. Qe5 Qxe5 12. Nxe5 Nd5 13. Bc1 Bd7 14. f3 {½-½ (34) Nisipeanu,L (2672)-Wojtaszek,R (2733) Dortmund 2018}) 7. Bg5 dxc4 8. Qxc4 Qa5 9. Bxf6 gxf6 10. Rc1 Bxc5 11. e3 {LiveBook: 8 Games} Bd7 12. a3 Be7 $146 ({Predecessor:} 12... Rc8 13. Be2 Ne5 14. Nxe5 fxe5 {1-0 (48) Rozum,I (2505)-Swiercz,D (2631) Yerevan 2014}) 13. Be2 Ne5 14. Nxe5 Qxe5 15. Qb3 {The position is equal.} Rb8 16. Bb5 Bxb5 17. Nxb5 O-O 18. O-O a6 19. Nd4 f5 20. g3 Bf6 21. Rc4 Qd5 22. Qc2 Rfd8 23. Rc1 Qe4 24. Nb3 Qxc2 (24... Qf3 {looks sharper.} 25. Nd4 Qh5 26. Ne2 b5 27. Rc6 Qf3) 25. R1xc2 b6 26. Rc7 Be5 27. Ra7 a5 28. Ra6 Rd1+ 29. Kg2 Rb1 30. Nd4 {[#] Black must now prevent Nc6.} Bxd4 31. exd4 Rd1 32. Rc6 Rxd4 33. Raxb6 Rxb6 34. Rxb6 a4 35. Kf3 {Accuracy: White = 70%, Black = 79%.} 1/2-1/2

[Event "17th Delhi GM Open 2019"]
[Site "Delhi"]
[Date "2019.01.11"]
[Round "4"]
[White "Paichadze, Luka"]
[Black "Rohith Krishna S"]
[Result "*"]
[WhiteElo "2583"]
[BlackElo "2382"]
[Annotator "TA"]
[PlyCount "30"]
[EventDate "2019.01.09"]
[EventType "swiss"]
[EventCountry "IND"]
[SourceTitle "playchess.com"]
[Source "ChessBase"]
[SourceQuality "1"]

{[%evp 7,7,5]} 1. f4 f5 2. g3 (2. Nf3 Nf6 3. b3 b6 4. Bb2 Bb7 5. Bxf6 exf6 6. e3 Na6 7. a4 Nc5 8. a5 g6 9. a6 Bd5 10. Nc3 Bf7 11. Bc4 Ne6 12. O-O {0-1 (80) Rapport,R (2713)-Laznicka,V (2675) Novy Bor 2014}) 2... Nf6 3. Bg2 g6 4. Nf3 {Predecessor:} Bg7 $146 5. O-O O-O 6. Nc3 d5 7. e3 c6 8. a4 a5 9. Qe2 Qb6 10. Kh1 Be6 11. Ng5 Bf7 12. d3 e6 13. Bd2 h6 14. Nxf7 Rxf7 15. Rab1 Nbd7 {½-½ (15) Drazic,S (2453)-Lajthajm,B (2465) Novi Sad 2017} *

[Event "17th Delhi GM Open 2019"]
[Site "Delhi"]
[Date "2019.01.11"]
[Round "4"]
[White "Paichadze, Luka"]
[Black "Rohith Krishna S"]
[Result "1/2-1/2"]
[WhiteElo "2583"]
[BlackElo "2382"]
[Annotator "TA"]
[PlyCount "137"]
[EventDate "2019.01.09"]
[EventType "swiss"]
[EventCountry "IND"]
[SourceTitle "playchess.com"]
[Source "ChessBase"]
[SourceQuality "1"]

{[%evp 9,137,7,12,0,15,15,26,15,19,24,30,16,32,20,33,26,19,21,23,13,55,36,30,28,32,30,37,9,16,20,25,15,21,15,15,15,15,10,23,15,15,15,15,15,15,15,15,11,23,11,15,12,12,5,12,15,25,4,4,0,0,0,14,14,25,27,10,11,22,22,22,19,22,8,8,0,0,0,8,0,0,0,8,8,8,8,8,8,8,8,17,8,8,8,22,0,8,8,8,8,17,8,8,8,8,8,8,8,8,8,8,8,8,0,0,0,0,0,0,0,0,0,8,8,8,0,8,8,8,8]} 1. f4 f5 2. g3 (2. Nf3 Nf6 3. b3 b6 4. Bb2 Bb7 5. Bxf6 exf6 6. e3 Na6 7. a4 Nc5 8. a5 g6 9. a6 Bd5 10. Nc3 Bf7 11. Bc4 Ne6 12. O-O {0-1 (80) Rapport,R (2713)-Laznicka,V (2675) Novy Bor 2014}) 2... Nf6 3. Bg2 g6 4. Nf3 Bg7 5. O-O O-O {LiveBook: 5 Games} 6. Nc3 {A02: Bird's Opening} d6 7. d3 e5 8. e4 {White has an edge.} fxe4 $146 ({Predecessor:} 8... Nc6 9. Kh1 Qe8 10. fxe5 dxe5 11. Bg5 Be6 12. exf5 gxf5 13. Qe2 Qh5 14. Bh4 h6 {0-1 (49) Daneshpour,S (2106)-Ezzati,F (2259) Iran 2005}) 9. dxe4 exf4 10. Bxf4 Nc6 11. e5 dxe5 12. Qxd8 Nxd8 13. Bxe5 c6 14. Nd4 Ne8 15. Rfe1 Nf7 16. Bxg7 Nxg7 17. Ne4 Nf5 18. Rad1 Rd8 19. c3 Nxd4 20. cxd4 Rb8 21. d5 cxd5 22. Nf6+ Kg7 23. Nxd5 Bf5 24. Re7 Rd7 25. Rxd7 Bxd7 26. Nf4 Bc6 27. Bxc6 bxc6 $11 {[%mdl 4096] Endgame KRN-KRN} 28. b3 Rb7 29. h3 Re7 30. Kf2 Kf6 31. Rd4 Ne5 32. Rd6+ Kf5 33. Ne2 c5 34. g4+ Kg5 35. Rd5 Kf6 36. Nf4 g5 37. Rd6+ Kf7 38. Ne2 {The position is equal.} c4 39. bxc4 Nxc4 40. Ra6 Ne5 41. Nc3 Nd3+ 42. Kf3 Ne1+ 43. Kf2 Nd3+ 44. Kf3 Ne1+ 45. Kf2 Nd3+ 46. Kg2 Nf4+ 47. Kf3 Nxh3 48. Rh6 Nf4 49. Rxh7+ Ke6 50. Rxe7+ (50. Ne4 {keeps more tension.} Rxh7 51. Nxg5+ Ke5 52. Nxh7 Nd5 53. Ng5) 50... Kxe7 {KN-KN} 51. Ke4 {[#] Nd5+ is the strong threat.} Ke6 52. Nb5 Ne2 53. Ke3 Nc1 54. a3 a5 55. Nd4+ Kd5 56. Nf3 Nb3 57. Nxg5 {Strongly threatening Nf3.} Nd4 58. Kd3 Nb5 $1 59. a4 Nd6 60. Nh3 {aiming for Nf4+.} Kc5 61. Kc3 Ne4+ 62. Kb3 Kd4 63. Nf4 Nc5+ 64. Ka3 $1 Ke5 65. Ne2 Kf6 66. Nd4 Kg5 67. Nb3 Nxa4 68. Kxa4 Kxg4 69. Nxa5 {Precision: White = 64%, Black = 68%.} 1/2-1/2

[Event "17th Delhi GM Open 2019"]
[Site "Delhi"]
[Date "2019.01.11"]
[Round "4"]
[White "Gupta, Abhijeet"]
[Black "Kulkarni, Vikramaditya"]
[Result "1/2-1/2"]
[WhiteElo "2581"]
[BlackElo "2345"]
[Annotator "TA"]
[PlyCount "88"]
[EventDate "2019.01.09"]
[EventType "swiss"]
[EventCountry "IND"]
[SourceTitle "playchess.com"]
[Source "ChessBase"]
[SourceQuality "1"]

{[%evp 15,88,71,91,36,85,76,113,66,135,133,175,175,178,146,128,59,113,23,33,33,45,10,0,6,0,0,0,3,3,8,325,330,309,316,316,164,298,44,41,43,43,0,0,0,0,0,0,0,0,0,0,0,0,0,0,0,0,0,0,0,0,0,0,0,0,0,0,0,0,0,0,0,0,0,0]} 1. d4 e6 2. c4 d5 3. Nf3 c6 4. Nc3 f5 5. Bf4 Nf6 6. e3 Ne4 {A84: Dutch Defence: 2 c4 Miscellaneous} (6... Be7 7. Bd3 O-O 8. h3 Ne4 9. Qb3 Nd7 10. cxd5 cxd5 11. Rc1 a6 12. O-O g5 13. Bh2 Ndf6 14. Rc2 g4 15. Ne5 Bd6 16. Ne2 gxh3 17. gxh3 Ng5 18. Nf4 Bxe5 19. dxe5 Ne8 20. f3 Kh8 21. Kh1 Ng7 22. Rg2 Ne8 23. Qb4 {1-0 (23) Diermair,A (2508)-Fauland,A (2419) Vienna 2018}) 7. Qc2 Bb4 8. Bd3 O-O {LiveBook: 4 Games. White is better.} 9. a3 (9. O-O $16) 9... Be7 10. h3 Nd6 $146 ({Predecessor:} 10... Nd7 11. O-O-O Qa5 12. Bxe4 fxe4 13. Nd2 b5 14. c5 {0-1 (42) Packa,L (2220)-Lesny,S Slovakia 1995}) 11. cxd5 exd5 (11... cxd5 $14 12. Qb3 Nc6) 12. g4 $16 Qe8 13. O-O-O b5 14. Rhg1 a5 15. Be5 (15. gxf5 $16 Nxf5 16. Ne2) 15... Nd7 $14 {[#]} 16. gxf5 (16. Ne2 $1 $16) 16... Nxe5 $11 17. dxe5 Nxf5 18. Nd4 Nxd4 19. Bxh7+ Kh8 20. Rxd4 {aiming for Bg6.} Qh5 21. Bg6 Qxe5 22. Qe2 {Strongly threatening f4.} Rf5 $2 {[%mdl 8192]} (22... Kg8 $1 $11 {and Black is okay.}) 23. Bxf5 $18 Bxf5 24. Qh5+ Kg8 25. Ne2 (25. Rf4 $142 Rf8 26. Ne2) 25... Rf8 (25... Bf6 $142) 26. Ng3 $2 ({White must play} 26. Rf4 $18 {And now Nd4 would win.} c5 {[#]} 27. Rg6 $1 {[%mdl 512]}) 26... Bxa3 $1 $14 27. bxa3 c5 28. Nxf5 (28. e4 $5 {[%cal Rg3f5]} Qxd4 29. Nxf5 Qc3+ 30. Kd1 Qd3+ 31. Ke1 (31. Kc1 Qxa3+ 32. Kb1 Qb4+ 33. Ka2 Qd2+ 34. Kb1 Qb4+ 35. Ka2 Qa4+ 36. Kb2 Qb4+ 37. Ka2 $11) 31... Qxe4+ 32. Ne3 $11) 28... Rxf5 {The position is equal.} 29. Rxg7+ Kxg7 {[%mdl 4096] Endgame KQR-KQR} 30. Rg4+ Kf8 31. Qh6+ Ke7 {( -> ...Qa1+)} 32. Qh4+ Ke6 33. Kb1 Qc3 34. Rg6+ Rf6 35. Qg4+ Kd6 36. Qf4+ Ke6 37. Qg4+ Kd6 38. Qf4+ Ke6 39. Rxf6+ Qxf6 $11 {KQ-KQ} 40. Qc7 Qg6+ 41. Kb2 $1 {Hoping for Qc6+.} Qf6+ 42. Kb1 Qg6+ 43. Kb2 $1 {Threatens to win with Qc6+.} Qf6+ 44. Kb1 Qg6+ {Precision: White = 52%, Black = 41%.} 1/2-1/2

[Event "17th Delhi GM Open 2019"]
[Site "Delhi"]
[Date "2019.01.11"]
[Round "4"]
[White "Gupta, Abhijeet"]
[Black "Kulkarni, Vikramaditya"]
[Result "*"]
[WhiteElo "2581"]
[BlackElo "2345"]
[Annotator "TA"]
[PlyCount "36"]
[EventDate "2019.01.09"]
[EventType "swiss"]
[EventCountry "IND"]
[SourceTitle "playchess.com"]
[Source "ChessBase"]
[SourceQuality "1"]

{[%evp 14,15,82,73]} 1. d4 e6 2. c4 d5 3. Nf3 c6 4. Nc3 f5 5. Bf4 Nf6 6. e3 Ne4 {A84: Dutch Defence: 2 c4 Miscellaneous} 7. Qc2 Bb4 8. Bd3 {LiveBook: 4 Games} {Predecessor:} O-O $146 9. O-O Nd7 10. cxd5 exd5 11. Qb3 Nxc3 12. Qxb4 Ne4 13. Ne5 Nxe5 14. Bxe5 Qb6 15. Qa3 Bd7 16. f3 Nf6 17. h3 Rae8 18. Rf2 Be6 {1-0 (44) Jojua,D (2565)-Gvetadze,S (2334) Tbilisi 2014} *

[Event "17th Delhi GM Open 2019"]
[Site "Delhi"]
[Date "2019.01.11"]
[Round "4"]
[White "Karthikeyan, Murali"]
[Black "Arpita, Mukherjee"]
[Result "1/2-1/2"]
[WhiteElo "2570"]
[BlackElo "2132"]
[Annotator "TA"]
[PlyCount "63"]
[EventDate "2019.01.09"]
[EventType "swiss"]
[EventCountry "IND"]
[SourceTitle "playchess.com"]
[Source "ChessBase"]
[SourceQuality "1"]

{[%evp 15,63,6,29,20,27,11,27,32,33,28,62,60,350,0,39,0,74,80,91,77,84,81,107,102,138,126,126,126,181,0,99,0,181,189,208,175,211,216,272,254,271,250,251,247,226,185,1065,0,217,0]} 1. e4 c5 2. Nf3 d6 3. d4 cxd4 4. Nxd4 Nf6 5. Nc3 a6 6. Bd3 e5 7. Nde2 Be7 8. O-O Nbd7 {LiveBook: 4 Games. B90: Sicilian Najdorf: Unusual White 6th moves, 6 Be3 Ng4 and 6 Be3 e5} (8... O-O 9. Ng3 Be6 10. Nd5 Bxd5 11. exd5 g6 12. Bh6 Re8 13. c4 Nbd7 14. b4 Bf8 15. Bg5 h6 16. Bd2 e4 {½-½ (46) Najer,E (2683)-Wojtaszek,R (2738) Batumi 2018}) 9. Ng3 Nc5 10. Be3 Nxd3 $146 {The position is equal.} ({Predecessor:} 10... Qc7 11. Qd2 O-O 12. Kh1 Be6 13. f4 Nxd3 14. cxd3 exf4 15. Bxf4 Qd8 16. d4 {0-1 (46) Bilic,S-Marczuk,A (1939) Porec 2015}) 11. Qxd3 Be6 12. Bg5 Rc8 13. Nf5 Ra8 $2 {[%mdl 8192] [#]} ({Black should try} 13... O-O $14) 14. Ng3 $2 (14. Nxg7+ $18 Kd7 15. Rad1) 14... Rc8 $14 15. Nf5 Bxf5 (15... Ra8 $1 $11) 16. exf5 $16 O-O {[#]} 17. Bxf6 $1 Bxf6 18. Nd5 b5 19. c3 Rc5 20. a4 Re8 21. Rfe1 Bg5 (21... Qd7 $16 {was worth a try.}) 22. Rf1 (22. axb5 $18 axb5 23. g3) 22... Bf6 23. Rfe1 (23. Rfd1 $16) 23... Bg5 $18 24. axb5 axb5 25. g3 Qb8 26. Ra6 Rd8 27. b4 {[%cal Bb2b4,Bb4c5][%mdl 32]} Qb7 28. bxc5 Qxa6 29. h4 Bf6 30. Rd1 Bg5 $2 (30... h6 31. Nxf6+ gxf6 32. cxd6 Qc6) 31. Re1 $2 (31. hxg5 Kh8 32. Nb4) 31... Bf6 32. Rd1 $2 {Accuracy: White = 55%, Black = 27%.} (32. Nb4 $18 Qb7 33. Rd1 (33. cxd6 h6 $16)) 1/2-1/2

[Event "17th Delhi GM Open 2019"]
[Site "Delhi"]
[Date "2019.01.11"]
[Round "4"]
[White "Karthikeyan, Murali"]
[Black "Arpita, Mukherjee"]
[Result "*"]
[WhiteElo "2570"]
[BlackElo "2132"]
[Annotator "TA"]
[PlyCount "33"]
[EventDate "2019.01.09"]
[EventType "swiss"]
[EventCountry "IND"]
[SourceTitle "playchess.com"]
[Source "ChessBase"]
[SourceQuality "1"]

{[%evp 15,18,0,31,27,28]} 1. e4 c5 2. Nf3 d6 3. d4 cxd4 4. Nxd4 Nf6 5. Nc3 a6 6. Bd3 e5 7. Nde2 Be7 8. O-O Nbd7 {LiveBook: 4 Games. B90: Sicilian Najdorf: Unusual White 6th moves, 6 Be3 Ng4 and 6 Be3 e5} (8... O-O 9. Ng3 Be6 10. Nd5 Bxd5 11. exd5 g6 12. Bh6 Re8 13. c4 Nbd7 14. b4 Bf8 15. Bg5 h6 16. Bd2 e4 {½-½ (46) Najer,E (2683)-Wojtaszek,R (2738) Batumi 2018}) 9. Ng3 Nc5 {Predecessor:} 10. Nd5 $146 Nxd5 11. exd5 Nxd3 12. Qxd3 O-O 13. c4 b5 14. cxb5 axb5 15. Qxb5 Ba6 16. Qc6 Bxf1 17. Nxf1 {½-½ (55) Priyanka,K (2207)-Rozman,M (2141) Porto Carras 2018} *

[Event "17th Delhi GM Open 2019"]
[Site "Delhi"]
[Date "2019.01.11"]
[Round "4"]
[White "Ghosh, Diptayan"]
[Black "Das, Sayantan"]
[Result "1-0"]
[WhiteElo "2544"]
[BlackElo "2451"]
[Annotator "TA"]
[PlyCount "73"]
[EventDate "2019.01.09"]
[EventType "swiss"]
[EventCountry "IND"]
[SourceTitle "playchess.com"]
[Source "ChessBase"]
[SourceQuality "1"]

{[%evp 22,73,86,76,81,79,95,91,114,72,135,93,142,107,112,99,104,89,365,353,346,366,368,368,347,341,320,353,353,335,285,285,708,691,796,793,1556,2616,3282,2956,2843,2650,2514,2277,5285,5310,653,614,599,592,7168,6449,5265,5189]} 1. d4 d5 2. c4 c6 3. Nc3 Nf6 4. e3 e6 5. Nf3 Nbd7 6. Bd3 Bd6 7. e4 dxe4 8. Nxe4 Nxe4 9. Bxe4 Bb4+ 10. Bd2 Bxd2+ 11. Qxd2 c5 {D46: Semi-Slav: 5 e3 Nbd7 6 Bd3, Black avoids the Meran} 12. O-O-O {LiveBook: 8 Games} cxd4 13. Qxd4 Qf6 $146 {White is better.} ({Predecessor:} 13... O-O 14. Kb1 Qc7 15. Bc2 Re8 16. Ba4 Re7 17. Rhe1 Nf8 18. Qd6 f6 19. c5 {1-0 (35) Malaniuk,V (2513)-Krysztofiak,M (2410) Krakow 2004}) 14. Rhe1 O-O 15. Re3 Qh6 (15... Qxd4 $142 16. Nxd4 (16. Rxd4 Nf6 $14) 16... Nf6) 16. Bc2 Qf6 17. Qxf6 Nxf6 18. Ne5 b6 19. g4 g5 $2 {[%mdl 8192] [#]} (19... Rb8 $16) 20. h4 $1 $18 {[%mdl 512]} h6 {Now ...Bb7 and Black clings on.} (20... gxh4 21. Rh3) 21. hxg5 hxg5 {[#]} 22. f4 $1 {[%mdl 512]} gxf4 23. Rf3 Nh7 24. Bxh7+ ({Not} 24. Rxf4 Ng5 $16) 24... Kxh7 25. Rxf4 Kg7 26. g5 {[%cal Bg4g5,Bg5g6][%mdl 32]} a6 $2 (26... Rb8 27. Rdf1 Rb7) 27. Rdf1 {[%cal Rf4f7] White is clearly winning.} Ra7 28. Rf6 Re7 29. g6 Bb7 30. Rxf7+ Rexf7 31. Rxf7+ Rxf7 32. gxf7 {KB-KN} a5 33. Kd2 Be4 34. Ke3 Bc2 35. Kd4 Bb1 36. a3 a4 37. Kc3 {Accuracy: White = 72%, Black = 28%.} 1-0

[Event "17th Delhi GM Open 2019"]
[Site "Delhi"]
[Date "2019.01.11"]
[Round "4"]
[White "Ghosh, Diptayan"]
[Black "Das, Sayantan"]
[Result "*"]
[WhiteElo "2544"]
[BlackElo "2451"]
[Annotator "TA"]
[PlyCount "37"]
[EventDate "2019.01.09"]
[EventType "swiss"]
[EventCountry "IND"]
[SourceTitle "playchess.com"]
[Source "ChessBase"]
[SourceQuality "1"]

{[%evp 22,23,70,70]} 1. d4 d5 2. c4 c6 3. Nc3 Nf6 4. e3 e6 5. Nf3 Nbd7 6. Bd3 Bd6 7. e4 dxe4 8. Nxe4 Nxe4 9. Bxe4 Bb4+ 10. Bd2 Bxd2+ 11. Qxd2 c5 {D46: Semi-Slav: 5 e3 Nbd7 6 Bd3, Black avoids the Meran} 12. O-O-O {LiveBook: 8 Games} {Predecessor:} Qc7 $146 13. dxc5 Nxc5 14. Bc2 O-O 15. Ng5 f5 16. Rhe1 h6 17. Nf3 b5 18. cxb5 a6 19. Qc3 {1-0 (49) Lputian,S (2605)-Sharif,M (2491) Dubai 2000} *